[Event "Staatsliga-B-Mitte 2002/2003"]
[Site "?"]
[Date "2003.03.23"]
[Round "11.2"]
[White "MANCA, Federico"]
[Black "PAVASOVIC, Dusko"]
[Result "1/2-1/2"]
[WhiteElo "2349"]
[BlackElo "2581"]
[PlyCount "81"]
[EventDate "2003.03.22"]

1. e4 e5 2. Nf3 Nc6 3. d4 exd4 4. Nxd4 Nf6 5. Nxc6 bxc6 6. e5 Qe7 7. Qe2 Nd5 8.
c4 Nb6 9. Nd2 d6 10. exd6 cxd6 11. b3 Bg4 12. Qxe7+ Bxe7 13. Bb2 O-O 14. Bd3 d5
15. cxd5 Nxd5 16. O-O Rfd8 17. Nc4 Nb6 18. Ne5 Bf6 19. Ba6 Bc8 20. Bxc8 Raxc8
21. Rfc1 Re8 22. Nc4 Bxb2 23. Nxb2 Re2 24. Nc4 Nxc4 25. Rxc4 Rd8 26. g3 Rdd2
27. Rxc6 h6 28. Rf1 Rxa2 29. Rc3 f6 30. Rf3 Kf7 31. Rc1 h5 32. h3 Reb2 33. Rc7+
Kg6 34. h4 Ra3 35. Rcc3 a5 36. Kg2 Ra1 37. Rcd3 Raa2 38. Rf4 Rd2 39. Rxd2 Rxd2
40. Ra4 Rd5 41. b4 1/2-1/2

[Event "Staatsliga-B-Mitte 2002/2003"]
[Site "?"]
[Date "2003.03.23"]
[Round "11.2"]
[White "BUHMANN, Rainer"]
[Black "HEBESBERGER, Thomas"]
[Result "1/2-1/2"]
[WhiteElo "2527"]
[BlackElo "2322"]
[PlyCount "55"]
[EventDate "2003.03.22"]

1. d4 d5 2. c4 c6 3. Nf3 Nf6 4. e3 a6 5. Nc3 b5 6. cxd5 cxd5 7. Ne5 e6 8. Be2
Bb7 9. O-O Nbd7 10. Nd3 Ne4 11. Bd2 Be7 12. Rc1 O-O 13. Nxe4 dxe4 14. Nc5 Bd5
15. a4 Nxc5 16. dxc5 Qd7 17. Bb4 Rfc8 18. b3 bxa4 19. bxa4 Qa7 20. Qc2 Rab8 21.
Rb1 Rc6 22. Rfc1 h6 23. Bc4 Rxb4 24. Rxb4 Qxc5 25. Bxd5 Qxc2 26. Rxc2 Rxc2 27.
Rc4 Rxc4 28. Bxc4 1/2-1/2

[Event "Staatsliga-B-Mitte 2002/2003"]
[Site "?"]
[Date "2003.03.23"]
[Round "11.2"]
[White "SCHEIN, Karl-Heinz"]
[Black "RESCHUN, Sascha"]
[Result "1/2-1/2"]
[WhiteElo "2232"]
[BlackElo "2280"]
[PlyCount "40"]
[EventDate "2003.03.22"]

1. d4 d5 2. c4 e6 3. Nc3 c6 4. Nf3 Nf6 5. g3 Be7 6. Bg2 Nbd7 7. b3 O-O 8. O-O
b6 9. Bb2 Bb7 10. cxd5 exd5 11. Rc1 Bd6 12. Nh4 Re8 13. Re1 Ne4 14. Nxe4 dxe4
15. d5 cxd5 16. Bxg7 Ne5 17. Nf5 Bc5 18. e3 Qg5 19. Bxe5 Rxe5 20. Nd4 Rd8
1/2-1/2

[Event "Staatsliga-B-Mitte 2002/2003"]
[Site "?"]
[Date "2003.03.23"]
[Round "11.2"]
[White "BRUNNSTEINER, Mario"]
[Black "RAGGER, Markus"]
[Result "0-1"]
[WhiteElo "2168"]
[BlackElo "2211"]
[PlyCount "68"]
[EventDate "2003.03.22"]

1. c4 g6 2. Nc3 Bg7 3. g3 d6 4. Bg2 c5 5. e3 Nc6 6. Nge2 e5 7. O-O Nge7 8. a3
O-O 9. Rb1 a5 10. d3 Rb8 11. Nd5 b5 12. Nxe7+ Nxe7 13. cxb5 Rxb5 14. Qc2 Be6
15. Bd2 Bb3 16. Qc1 a4 17. Bc3 d5 18. d4 Nf5 19. Qd2 cxd4 20. exd4 Bh6 21. f4
e4 22. Bb4 Re8 23. Qc3 Bc4 24. Rfe1 Bg7 25. Rbd1 Qb6 26. Kh1 Bxe2 27. Rxe2 Nxd4
28. Qe1 Nxe2 29. Qxe2 Rxb4 30. axb4 Qxb4 31. f5 Qxb2 32. Qa6 a3 33. Qc6 Rf8 34.
fxg6 hxg6 0-1

[Event "Staatsliga-B-Mitte 2002/2003"]
[Site "?"]
[Date "2003.03.23"]
[Round "11.2"]
[White "KASPRET, Guido"]
[Black "EGGER, Andreas"]
[Result "1-0"]
[WhiteElo "2278"]
[BlackElo "2129"]
[PlyCount "93"]
[EventDate "2003.03.22"]

1. d4 Nf6 2. Nf3 e6 3. g3 c5 4. Bg2 Be7 5. O-O O-O 6. c4 d5 7. cxd5 exd5 8. Nc3
h6 9. Be3 Be6 10. dxc5 Na6 11. Nd4 Bxc5 12. a3 Rc8 13. Rc1 Qe7 14. b4 Bb6 15.
Nxe6 Bxe3 16. Nxf8 Bxc1 17. Ng6 fxg6 18. Nxd5 Qd8 19. Nxf6+ Qxf6 20. Bxb7 Rc3
21. Qa4 Nc7 22. Qxa7 Bxa3 23. b5 Nxb5 24. Bd5+ Kh7 25. Qb8 Qf8 26. Qxb5 Bc5 27.
Qd7 Qe7 28. Qxe7 Bxe7 29. Rb1 Rc5 30. Be4 Re5 31. Bd3 Bc5 32. Kg2 Re6 33. Rb8
h5 34. h4 Rf6 35. f4 Be3 36. Kf3 Bc5 37. e4 Ba7 38. Rd8 Rb6 39. e5 Rb2 40. Rd6
Rb3 41. Ke2 Rb2+ 42. Kd1 Rb6 43. Bxg6+ Kh6 44. f5 Rxd6+ 45. exd6 Bb8 46. d7
Bxg3 47. d8=Q 1-0

[Event "Staatsliga-B-Mitte 2002/2003"]
[Site "?"]
[Date "2003.03.23"]
[Round "11.4"]
[White "ZAJA, Ivan"]
[Black "PILAJ, Herwig"]
[Result "1/2-1/2"]
[WhiteElo "2433"]
[BlackElo "2360"]
[PlyCount "95"]
[EventDate "2003.03.22"]

1. d4 d5 2. Nf3 Nf6 3. c4 c6 4. Nc3 dxc4 5. a4 e6 6. Bg5 Bb4 7. e4 c5 8. Bxc4
cxd4 9. Nxd4 h6 10. Bxf6 Qxf6 11. O-O O-O 12. Re1 Nd7 13. Nf3 Bxc3 14. bxc3
Qxc3 15. Rc1 Qa5 16. e5 Rd8 17. Qe2 Nf8 18. Bd3 Bd7 19. Rc4 Bc6 20. Rb1 Rd7 21.
Nd4 Rad8 22. Nxc6 bxc6 23. Be4 c5 24. g3 a6 25. Rbc1 Rd4 26. Bb7 Rxc4 27. Qxc4
Rd4 28. Qxc5 Qxc5 29. Rxc5 Rxa4 30. Kg2 g5 31. Bc6 Ra2 32. h4 gxh4 33. gxh4 Ng6
34. Kg3 Re2 35. f4 Re3+ 36. Kg4 Kg7 37. h5 Ne7 38. Bf3 Ra3 39. Be4 Re3 40. Rc4
f5+ 41. exf6+ Kxf6 42. Ra4 a5 43. Bf3 Nf5 44. Rxa5 Rc3 45. Ra2 Rc7 46. Kh3 Rc4
47. Kg4 Rc8 48. Kh3 1/2-1/2

[Event "Staatsliga-B-Mitte 2002/2003"]
[Site "?"]
[Date "2003.03.23"]
[Round "11.4"]
[White "KOCH, Wolfgang-Max"]
[Black "GENSER, Harald"]
[Result "1-0"]
[WhiteElo "2308"]
[BlackElo "2268"]
[PlyCount "129"]
[EventDate "2003.03.22"]

1. d4 Nf6 2. Nf3 e6 3. c4 b6 4. Nc3 Bb4 5. Qb3 c5 6. Bg5 Nc6 7. a3 Ba5 8. e3 h6
9. Bh4 g5 10. Bg3 g4 11. d5 Ne7 12. Nd2 Nf5 13. Bd3 Nxg3 14. hxg3 d6 15. O-O-O
Bxc3 16. Qxc3 e5 17. Qc2 Bd7 18. Rh4 Qe7 19. Rdh1 h5 20. Bf5 O-O-O 21. Bxd7+
Qxd7 22. Nb1 Rde8 23. Nc3 Kb7 24. Kd2 Reg8 25. Ke2 Rg5 26. Ra1 Rgg8 27. b4 a6
28. Qb3 Ka7 29. a4 a5 30. bxc5 bxc5 31. Qc2 Rb8 32. Nb5+ Ka6 33. Rb1 Rb6 34.
Rb3 Rhb8 35. Rh1 R6b7 36. Rhb1 Rb6 37. R1b2 R6b7 38. Qb1 Rb6 39. Qd3 R6b7 40.
Rb1 Rb6 41. Rh1 R6b7 42. Qb1 Rb6 43. Rh4 R6b7 44. Qc2 Rb6 45. Rb1 R6b7 46. Rbh1
Rg8 47. Rxh5 Nxh5 48. Rxh5 f6 49. Qb1 Qg7 50. Qf5 Rd7 51. Qe6 Rgd8 52. Qf5 Rg8
53. Rh6 Rgd8 54. Rxf6 Qe7 55. Qg6 Kb7 56. Re6 Qf8 57. Qxg4 e4 58. Qxe4 Qh8 59.
Qb1 Kc8 60. Re4 Qh7 61. Qd3 Qh5+ 62. g4 Qh1 63. Rf4 Qa1 64. Qc2 Re8 65. Rf5 1-0

[Event "Staatsliga-B-Mitte 2002/2003"]
[Site "?"]
[Date "2003.03.23"]
[Round "11.4"]
[White "NICKL, Klaus"]
[Black "ASCHENBRENNER, Robert"]
[Result "1/2-1/2"]
[WhiteElo "2203"]
[BlackElo "2230"]
[PlyCount "28"]
[EventDate "2003.03.22"]

1. e4 e6 2. d3 d5 3. Nd2 Nc6 4. Ngf3 Nf6 5. g3 dxe4 6. dxe4 Bc5 7. h3 e5 8. Bg2
h6 9. c3 a5 10. a4 O-O 11. Qc2 Be6 12. O-O Qc8 13. Kh2 Rd8 14. Nh4 Qd7 1/2-1/2

[Event "Staatsliga-B-Mitte 2002/2003"]
[Site "?"]
[Date "2003.03.23"]
[Round "11.4"]
[White "HOFFMANN, Erwin"]
[Black "KORMANN, Werner"]
[Result "1/2-1/2"]
[WhiteElo "2077"]
[BlackElo "2101"]
[PlyCount "35"]
[EventDate "2003.03.22"]

1. e4 c5 2. Nf3 Nc6 3. d4 cxd4 4. Nxd4 g6 5. c4 Bg7 6. Be3 Nf6 7. Nc3 O-O 8.
Be2 d6 9. Qd2 Bd7 10. O-O Nxd4 11. Bxd4 Bc6 12. f3 a5 13. Nd5 Nd7 14. Bxg7 Kxg7
15. Qd4+ Kg8 16. b3 Nc5 17. f4 Bxd5 18. cxd5 1/2-1/2

[Event "Staatsliga-B-Mitte 2002/2003"]
[Site "?"]
[Date "2003.03.23"]
[Round "11.5"]
[White "ZUPE, Miran"]
[Black "HABA, Petr"]
[Result "1/2-1/2"]
[WhiteElo "2378"]
[BlackElo "2534"]
[PlyCount "35"]
[EventDate "2003.03.22"]

1. e4 e5 2. Nf3 Nf6 3. Nxe5 d6 4. Nf3 Nxe4 5. d4 d5 6. Bd3 Nc6 7. O-O Be7 8. c4
Nb4 9. Be2 O-O 10. Nc3 Bf5 11. a3 Nxc3 12. bxc3 Nc6 13. Bf4 dxc4 14. Bxc4 Bd6
15. Bg3 Qd7 16. a4 Na5 17. Bd3 f6 18. Nh4 1/2-1/2

[Event "Staatsliga-B-Mitte 2002/2003"]
[Site "?"]
[Date "2003.03.23"]
[Round "11.5"]
[White "JANZ, Frerik"]
[Black "LEITNER, Kurt"]
[Result "1-0"]
[WhiteElo "2366"]
[BlackElo "2153"]
[PlyCount "77"]
[EventDate "2003.03.22"]

1. c4 d6 2. g3 c6 3. Bg2 g6 4. Nc3 Bg7 5. e4 Na6 6. Nge2 Nf6 7. d4 h5 8. h3 Be6
9. b3 Rc8 10. Be3 Qa5 11. a3 Nc7 12. Qd2 Rd8 13. O-O Bc8 14. Rfb1 h4 15. g4 Kf8
16. f3 Nce8 17. b4 Qc7 18. Rd1 Nd7 19. Rac1 Qb8 20. f4 Kg8 21. f5 Nb6 22. Qd3
gxf5 23. exf5 e6 24. fxe6 Bxe6 25. d5 cxd5 26. Nxd5 Nxd5 27. cxd5 Bd7 28. Nd4
Be5 29. Rf1 Ng7 30. Nf3 Bg3 31. Ng5 Rf8 32. Ne4 Be5 33. Nf6+ Bxf6 34. Rxf6 a6
35. Bd4 Rc8 36. Rcf1 Rf8 37. Qd2 Qc7 38. Qg5 Qc4 39. R6f4 1-0

[Event "Staatsliga-B-Mitte 2002/2003"]
[Site "?"]
[Date "2003.03.23"]
[Round "11.5"]
[White "HERRMANN, Johann"]
[Black "MENACHER, Manfred"]
[Result "0-1"]
[WhiteElo "2182"]
[BlackElo "2354"]
[PlyCount "100"]
[EventDate "2003.03.22"]

1. c4 e5 2. Nc3 d6 3. g3 g6 4. Bg2 Bg7 5. e3 Nc6 6. Nge2 Nge7 7. O-O O-O 8. d4
exd4 9. exd4 Nf5 10. Be3 Nxe3 11. fxe3 Bg4 12. Qd2 Bxe2 13. Nxe2 Qg5 14. Nf4
Rae8 15. Rae1 Nd8 16. Qf2 c6 17. b4 Qe7 18. a3 Qc7 19. Qd2 Re7 20. b5 Rfe8 21.
bxc6 bxc6 22. d5 c5 23. Kh1 Qb6 24. Qd3 Qa6 25. h4 Qa4 26. e4 Nb7 27. h5 Be5
28. Rb1 Na5 29. Rfc1 Kg7 30. Bf3 Rb7 31. Rxb7 Nxb7 32. Kg2 Na5 33. Bd1 Qd7 34.
Qd2 Qc7 35. h6+ Kg8 36. Nd3 Bf6 37. Qf4 Qe7 38. Qd2 Qxe4+ 39. Bf3 Nxc4 40. Bxe4
Nxd2 41. Bf3 Bg5 42. Nf4 Bxh6 43. Rc2 Nxf3 44. Kxf3 Rb8 45. Rc3 Bg7 46. Re3 Bd4
47. Rd3 h5 48. Ne2 Be5 49. Re3 Bf6 50. Kf4 Kg7 0-1

[Event "Staatsliga-B-Mitte 2002/2003"]
[Site "?"]
[Date "2003.03.23"]
[Round "11.5"]
[White "KRANZL, Peter"]
[Black "DEUTSCHMANN, Robert Peter"]
[Result "1/2-1/2"]
[WhiteElo "2247"]
[BlackElo "2014"]
[PlyCount "53"]
[EventDate "2003.03.22"]

1. e4 c5 2. c3 d5 3. exd5 Qxd5 4. d4 Nf6 5. Nf3 Bg4 6. Be2 e6 7. O-O Nc6 8. Na3
cxd4 9. Nb5 Rc8 10. Nbxd4 Nxd4 11. Nxd4 Bxe2 12. Qxe2 Be7 13. Rd1 a6 14. Nf3
Qe4 15. Qxe4 Nxe4 16. Be3 Bc5 17. Bxc5 Nxc5 18. c4 a5 19. Kf1 Ke7 20. Rac1 Rhd8
21. Rxd8 Rxd8 22. g3 Ne4 23. Ke2 g5 24. Ke3 f5 25. Ne5 g4 26. Nd3 h6 27. b3
1/2-1/2

[Event "Staatsliga-B-Mitte 2002/2003"]
[Site "?"]
[Date "2003.03.23"]
[Round "11.5"]
[White "KRATSCHMER, Heinz"]
[Black "HAGER, Herbert"]
[Result "1-0"]
[WhiteElo "2096"]
[BlackElo "2142"]
[PlyCount "68"]
[EventDate "2003.03.22"]

1. d4 Nf6 2. Nf3 g6 3. Nc3 Bg7 4. e4 O-O 5. e5 Ne8 6. Bg5 d6 7. Bc4 c6 8. O-O
b5 9. Bb3 d5 10. Ne2 f6 11. Bf4 Bg4 12. Nd2 fxe5 13. Bxe5 Bxe5 14. dxe5 Nd7 15.
h3 Bxe2 16. Qxe2 Ng7 17. c3 Qb6 18. Kh2 e6 19. Nf3 Rf4 20. Bc2 Raf8 21. Rae1
Nc5 22. Qe3 Nd7 23. Nd4 c5 24. Ne2 d4 25. cxd4 cxd4 26. Qxf4 Rxf4 27. Nxf4 Qc7
28. Bb3 Nxe5 29. Kh1 Nf3 30. Re4 Nd2 31. Nxe6 Nxe6 32. Rxe6 Nxb3 33. axb3 Qc2
34. Re7 Qxb3 1-0

[Event "Staatsliga-B-Mitte 2002/2003"]
[Site "?"]
[Date "2003.03.23"]
[Round "11.6"]
[White "WITTMANN, Walter"]
[Black "KONOPKA, Michal"]
[Result "0-1"]
[WhiteElo "2345"]
[BlackElo "2449"]
[PlyCount "102"]
[EventDate "2003.03.22"]

1. e4 d5 2. exd5 Qxd5 3. Nf3 Nf6 4. d4 c6 5. Be2 Bg4 6. O-O e6 7. c4 Qd8 8. Nc3
Bd6 9. Ne5 Bf5 10. Be3 Nbd7 11. f4 h5 12. h3 Qe7 13. Qb3 Rb8 14. Qa4 a6 15. Bf3
Kf8 16. Bxc6 bxc6 17. Nxc6 Qe8 18. Nxb8 Nxb8 19. Qb3 Kg8 20. Rfe1 Qc6 21. Rad1
Nbd7 22. c5 Be7 23. Qc4 Kh7 24. b4 Nd5 25. Nxd5 exd5 26. Qb3 Be4 27. a4 Rb8 28.
Re2 Qg6 29. Rb2 Qg3 30. Qc3 Rxb4 31. Qxb4 Qxe3+ 32. Rf2 Bh4 33. Qd2 Bxf2+ 34.
Qxf2 Qc3 35. Qd2 Qc4 36. a5 Nb8 37. Rc1 Qb5 38. f5 Nc6 39. f6 g6 40. g4 Qb3 41.
Rc3 Qb1+ 42. Rc1 Qb8 43. Rc3 Qb4 44. gxh5 Nxd4 45. hxg6+ Bxg6 46. Kf2 Nb3 47.
Qb2 Qd4+ 48. Kg2 Be4+ 49. Kh2 Nd2 50. Kg3 Qe5+ 51. Kf2 Qh2+ 0-1

[Event "Staatsliga-B-Mitte 2002/2003"]
[Site "?"]
[Date "2003.03.23"]
[Round "11.6"]
[White "HEIMBERGER, Reinhard"]
[Black "WEGERER, Fred"]
[Result "0-1"]
[WhiteElo "2312"]
[BlackElo "2240"]
[PlyCount "42"]
[EventDate "2003.03.22"]

1. c4 e6 2. g3 Nf6 3. Bg2 d5 4. Nf3 Bd6 5. O-O O-O 6. b3 Nbd7 7. Bb2 c6 8. d4
Ne4 9. Nbd2 f5 10. Ne1 Qg5 11. Nxe4 fxe4 12. Nc2 Nf6 13. Ne3 Bd7 14. Bc1 Qg6
15. f4 h5 16. Kh1 h4 17. gxh4 Nh5 18. f5 exf5 19. cxd5 Ng3+ 20. Kg1 Nxf1 21.
Nxf1 f4 0-1

[Event "Staatsliga-B-Mitte 2002/2003"]
[Site "?"]
[Date "2003.03.23"]
[Round "11.6"]
[White "TOBER, Gerhard"]
[Black "RIEDNER, Martin"]
[Result "1-0"]
[WhiteElo "2233"]
[BlackElo "2206"]
[PlyCount "55"]
[EventDate "2003.03.22"]

1. e4 e6 2. d4 d5 3. Nc3 Nf6 4. Bg5 Be7 5. e5 Nfd7 6. Bxe7 Qxe7 7. f4 O-O 8.
Nf3 c5 9. Qd2 Nc6 10. O-O-O cxd4 11. Nxd4 f6 12. exf6 Qxf6 13. g3 Nc5 14. Bg2
Bd7 15. Rhf1 Nxd4 16. Qxd4 Rac8 17. Qxf6 Rxf6 18. f5 Rxf5 19. Rxf5 exf5 20.
Bxd5+ Kf8 21. Bxb7 Rc7 22. Bf3 a5 23. Nd5 Ra7 24. Nb6 Be6 25. Bd5 Kf7 26. Bxe6+
Kxe6 27. Rd6+ Ke7 28. Rd5 1-0